A Kommunista Párt 30 éve Magyarországon
Elmentve itt :
| Szerző: | |
|---|---|
| Adatforrás: | Philobibl |
| Forrásdokumentuma: | Forum 1948:12. p. 921-925. |
| Dokumentumtípus: | Cikk |
| Nyelv: | magyar |
| Kulcsszavak: | Kommunista párt története |
| Online elérés: | előfizetéssel hozzáférhető |
| LEADER | 00451nab a2200121 c 4500 | ||
|---|---|---|---|
| 001 | bibPHI0038467 | ||
| 005 | 20230922115506.1 | ||
| 008 | 100610s1948 hu hun | ||
| 100 | 1 | |a Lukács György | |
| 245 | 1 | 2 | |a A Kommunista Párt 30 éve Magyarországon |c Lukács György |
| 695 | |a Kommunista párt története | ||
| 773 | 0 | |t Forum |g 1948:12. p. 921-925. | |
| 856 | 4 | 1 | |3 Full taxt |u https://adt.arcanum.com/hu/view/Forum_1948/?pg=978&layout=s |z előfizetéssel hozzáférhető |